| 000 | 01436nam a22004450a 4500 | ||
|---|---|---|---|
| 001 | PT20645 | ||
| 003 | AR-LpoUNG | ||
| 005 | 20260128162150.0 | ||
| 008 | 201001s2005||||ag |||||||||||||||||spa d | ||
| 020 |
_a9879300696 _c$65,23 |
||
| 040 |
_aAR-LpoUNG _bspa _eaacr |
||
| 041 | _aspa | ||
| 044 | _aag | ||
| 082 | 0 | _a410 436com | |
| 100 | 1 |
_aPereira, María Cecilia _ecoor. |
|
| 245 | 1 | 3 | _aLa comunicación escrita en el inicio de los estudios superiores |
| 250 | _a1ra. ed. | ||
| 260 |
_aBuenos Aires : _bUniversidad Nacional de General Sarmiento, _c2005. |
||
| 300 |
_a381 p. : _bil., tbls. |
||
| 490 | 0 | _aTextos básicos | |
| 520 | _aBusca desarrollar competencias específicas relacionadas con la lectura y la escritura de textos complejos, teniendo en cuenta la demanda y el desafío que la inserción en el nivel superior representa para los alumnos. | ||
| 650 | 4 | _aGRAMATICA | |
| 650 | 4 | _aLINGÜISTICA | |
| 650 | 4 | _aSINTAXIS | |
| 700 | 1 | _aAckerman, Viviana | |
| 700 | 1 | _aDiab, Pabla | |
| 700 | 1 | _aFerreyra, Sandra | |
| 700 | 1 | _aGarcía, Mónica | |
| 700 | 1 |
_aLeguizamón, Nilda _ecol. |
|
| 700 | 1 | _aLópez Casanova, Martina | |
| 700 | 1 | _aMárquez, Adriana | |
| 700 | 1 | _aMoyano, Estela Inés | |
| 700 | 1 | _aNatale, Lucía | |
| 700 | 1 | _aPeralta, Dante A. J. | |
| 700 | 1 | _aPereira, María Cecilia | |
| 700 | 1 | _aRearte, Juan | |
| 700 | 1 | _aValente, Elena | |
| 905 | _a20645 | ||
| 942 |
_cLIB _2ddc |
||
| 999 |
_c51740 _d51740 |
||